000 00463nam a2200193Ia 4500
005 20240823014731.0
008 240823s9999||||xx |||||||||||||| ||und||
020 _a81-7319-557-9
041 _aENGLISH
082 _A539 P4
100 _aSanjiv Puri
245 0 _aModern Physics : Concepts and Applications
250 _a1st
260 _c2004
_b"Narosa, New "
_aNew Delhi
500 _aYES
650 _aPhysics
_bPhysics
942 _cBK
999 _c170775
_d170775